Αισχύλου αποσπάσματα

Saved in:
Bibliographic Details
Main Author: Αισχύλος, 525-456 ή 5.
Other Authors: Ρούσσος, Τάσος, 1934-2015 (Translator)
Format: Book
Language:Greek
Published: Αθήνα : Κείμενα, 1985.
Subjects:
Tags: Add Tag
No Tags, Be the first to tag this record!

MARC

LEADER 00000cam a2200000 i 4500
001 1/46966
008 941103s1985 gr | ||| |||| ||gre||
035 |a 1990  |c ΔΩΡΕΑ  |l 10042937 
040 |a GR-MyUA  |b gre  |e AACR2 
041 0 |a gre 
082 0 |a 882.11 
100 0 |a Αισχύλος,   |d 525-456 ή 5. 
245 1 0 |a Αισχύλου αποσπάσματα /   |c Αισχύλος ; μετάφραση - σχόλια Τάσος Ρούσσος.  
260 |a Αθήνα :   |b Κείμενα,   |c 1985.  
300 |a 155 σ. ;   |c 26 εκ.  
650 0 0 |a Greek drama (Tragedy) 
700 1 |a Ρούσσος, Τάσος,   |d 1934-2015,  |e trl 
852 |a INST  |b SAMOS  |e 19941103  |h 882.11 ΑΙΣ  |p 005300000565  |q 005300000565  |t BK  |y 0 
909 |a Σ  |b 017713